[Event "XXII Campeonato de España de l"]
[Site "Benidorm (Alicante-España)"]
[Date "2010.11.17"]
[Round "4"]
[White "Menendez Solar, Jose Carlos"]
[Black "Garcia Andrinal, Antonio"]
[Result "1/2-1/2"]
[WhiteElo "1888"]
[BlackElo "1757"]
[PlyCount "111"]
[EventDate "2010.11.14"]
[EventRounds "8"]
[EventCountry "ESP"]

1. d4 d5 2. Nf3 e6 3. c4 c6 4. Nc3 f5 5. Bf4 Nf6 6. Ne5 Bd6 7. e3 O-O 8. Bd3
Nbd7 9. Nxc6 bxc6 10. Bxd6 Rf7 11. O-O Ne4 12. Nxe4 fxe4 13. Be2 dxc4 14. Bg3
Nb6 15. Rc1 Qd5 16. Qc2 Bb7 17. Bxc4 Nxc4 18. Qxc4 Qxc4 19. Rxc4 Ba6 20. Rxc6
Bxf1 21. Kxf1 Re8 22. Ke2 Rb7 23. b3 Kf7 24. Kd2 Rd8 25. Kc3 Rd5 26. a3 Rdb5
27. Rc7+ Rxc7+ 28. Bxc7 Ke8 29. Be5 g6 30. Kc4 Rd5 31. f3 exf3 32. gxf3 Rd7 33.
Kb5 Rb7+ 34. Ka6 Rxb3 35. a4 Kd7 36. a5 Rxe3 37. Kxa7 Rb3 38. a6 Kc8 39. Bd6
Rxf3 40. Kb6 Rb3+ 41. Kc6 Rb1 42. a7 Ra1 43. Bc5 Ra2 44. h4 Ra6+ 45. Kb5 Kb7
46. Kc4 Ra1 47. d5 exd5+ 48. Kxd5 Rh1 49. Be7 Kxa7 50. Ke6 Kb7 51. Kf7 Rg1 52.
Kg7 h5 53. Kh6 Kc6 54. Bg5 Kd7 55. Kxg6 Ke6 56. Kxh5 1/2-1/2

[Event "XXII Campeonato de España de l"]
[Site "Benidorm (Alicante-España)"]
[Date "2010.11.17"]
[Round "4"]
[White "Sanz Garcia, Ramon"]
[Black "Parreño Cueto, Andres"]
[Result "0-1"]
[WhiteElo "1628"]
[BlackElo "1816"]
[PlyCount "84"]
[EventDate "2010.11.14"]
[EventRounds "8"]
[EventCountry "ESP"]

1. e4 c6 2. d4 d5 3. e5 Bf5 4. Nc3 e6 5. g4 Bg6 6. Nf3 Nd7 7. h4 h5 8. g5 Ne7
9. Ne2 c5 10. Bh3 Qc7 11. c3 cxd4 12. Nexd4 Nxe5 13. Nxe5 Qxe5+ 14. Be3 Nc6 15.
a3 Qe4 16. Rf1 Bc5 17. Qe2 Bxd4 18. cxd4 O-O 19. f4 Nxd4 20. Bxd4 Qxd4 21. Rd1
Qe4 22. Bg2 Qxe2+ 23. Kxe2 Bf5 24. Ke3 Rac8 25. Rc1 Rfd8 26. Kd4 Kf8 27. Rg1
Ke7 28. Rge1 Kd6 29. Bf3 g6 30. Bg2 Rc6 31. Rc3 Rxc3 32. bxc3 Rc8 33. Rc1 Rc4+
34. Ke3 b5 35. Bf1 Re4+ 36. Kf3 Kc5 37. Rb1 a6 38. Rc1 Bg4+ 39. Kg3 Be2 40. Bg2
Ra4 41. Kf2 Bd3 42. Ke3 Be4 0-1

[Event "XXII Campeonato de España de l"]
[Site "Benidorm (Alicante-España)"]
[Date "2010.11.17"]
[Round "4"]
[White "Fuster Agullo, Juan"]
[Black "Garcia Cruz, Francisco"]
[Result "1-0"]
[WhiteElo "1799"]
[BlackElo "1686"]
[PlyCount "91"]
[EventDate "2010.11.14"]
[EventRounds "8"]
[EventCountry "ESP"]

1. e4 c5 2. Nf3 Nc6 3. d4 cxd4 4. Nxd4 d6 5. Nc3 a6 6. Be2 g6 7. O-O Bg7 8. Be3
Nf6 9. f4 O-O 10. f5 e5 11. fxe6 fxe6 12. Qd2 Ne5 13. h3 b5 14. Bf3 Nc4 15. Qc1
e5 16. Nc6 Qc7 17. Nd5 Nxd5 18. exd5 Nxe3 19. Qxe3 Bf5 20. c3 Rf7 21. g4 Bd7
22. Rf2 Raf8 23. Raf1 Bc8 24. Kg2 Rf4 25. Be4 Bh6 26. Rxf4 Bxf4 27. Qa7 Rf7 28.
Qxc7 Rxc7 29. Kf3 Rf7 30. Ke2 Kg7 31. Kd3 g5 32. Kc2 h6 33. Kb3 Rc7 34. Kb4 h5
35. Rh1 h4 36. Re1 Bb7 37. Ka5 Kf8 38. Kb6 Rg7 39. Bf5 Bxc6 40. dxc6 d5 41. c7
Rxc7 42. Kxc7 e4+ 43. Kc6 e3 44. Kxd5 Ke7 45. Kc5 Kd8 46. Kb6 1-0

[Event "XXII Campeonato de España de l"]
[Site "Benidorm (Alicante-España)"]
[Date "2010.11.17"]
[Round "4"]
[White "Gamiz Campana, Francisco Javier"]
[Black "Bravo De Los Santos, Francisco"]
[Result "1/2-1/2"]
[WhiteElo "1742"]
[BlackElo "1877"]
[PlyCount "106"]
[EventDate "2010.11.14"]
[EventRounds "8"]
[EventCountry "ESP"]

1. e4 c5 2. f4 e6 3. Nf3 d5 4. Nc3 Nc6 5. Bb5 a6 6. Bxc6+ bxc6 7. O-O Bd6 8. d3
Ne7 9. Qe1 O-O 10. e5 Bc7 11. Na4 Bb6 12. Kh1 Ba7 13. Qc3 d4 14. Qa3 Qd5 15.
Ng5 Nf5 16. Ne4 c4 17. Bd2 a5 18. Rae1 Ba6 19. dxc4 Bxc4 20. Rf3 Rfb8 21. b3
Ba6 22. Nac5 Bxc5 23. Qxc5 Rb5 24. Qxd5 exd5 25. Nf2 Bc8 26. a4 Rbb8 27. Nd3 g6
28. g4 Ng7 29. Rg1 h5 30. gxh5 Nxh5 31. f5 Kh7 32. fxg6+ fxg6 33. Rf7+ Ng7 34.
Rgf1 Bf5 35. Ne1 Kg8 36. Rc7 Ra6 37. Kg1 Ne6 38. Re7 Rd8 39. h4 Ng7 40. Bg5 Re8
41. Rxe8+ Nxe8 42. h5 c5 43. Be7 c4 44. bxc4 dxc4 45. Bc5 d3 46. cxd3 cxd3 47.
Nxd3 Bxd3 48. Rf8+ Kg7 49. Rxe8 Bf5 50. hxg6 Re6 51. Rxe6 Bxe6 52. Bb6 Kxg6 53.
Bxa5 Bb3 1/2-1/2

[Event "XXII Campeonato de España de l"]
[Site "Benidorm (Alicante-España)"]
[Date "2010.11.17"]
[Round "4"]
[White "Suarez Hernandez, Francisco"]
[Black "Amores Cano, Victor"]
[Result "1-0"]
[WhiteElo "1658"]
[BlackElo "1777"]
[PlyCount "89"]
[EventDate "2010.11.14"]
[EventRounds "8"]
[EventCountry "ESP"]

1. e4 c5 2. Nf3 e6 3. d4 cxd4 4. Nxd4 Qb6 5. Nb3 Nc6 6. Be3 Qc7 7. Nc3 a6 8. g3
b5 9. Bg2 Nf6 10. a3 Bb7 11. Nc5 Bc8 12. O-O d6 13. Nd3 Bb7 14. f4 Be7 15. Re1
O-O 16. Bf2 Nd7 17. Qf3 Rab8 18. f5 Nce5 19. Nxe5 Nxe5 20. Qe2 Bf6 21. fxe6
fxe6 22. Bd4 Nf3+ 23. Bxf3 Bxd4+ 24. Kg2 Rbc8 25. Bg4 Rf2+ 26. Qxf2 Bxf2 27.
Bxe6+ Kf8 28. Rf1 Ke8 29. Bxc8 Bxc8 30. Rxf2 Qb6 31. Raf1 Be6 32. Rf8+ Kd7 33.
R8f2 Qd4 34. Re2 Bc4 35. Rd1 Qxd1 36. Nxd1 Bxe2 37. Ne3 Bh5 38. g4 Bf7 39. h4
g6 40. Nd5 Kc6 41. Nf6 h6 42. b4 Kc7 43. Nd5+ Bxd5 44. exd5 Kd7 45. Kf3 1-0

[Event "XXII Campeonato de España de l"]
[Site "Benidorm (Alicante-España)"]
[Date "2010.11.18"]
[Round "5"]
[White "Fernandez Lago, David"]
[Black "Desanjose Candalija, Eduardo"]
[Result "0-1"]
[WhiteElo "2008"]
[BlackElo "2264"]
[PlyCount "66"]
[EventDate "2010.11.14"]
[EventRounds "8"]
[EventCountry "ESP"]

1. d4 d5 2. Nf3 Nf6 3. c4 dxc4 4. e3 c5 5. Bxc4 cxd4 6. O-O e6 7. exd4 Be7 8.
Nc3 O-O 9. Qe2 b6 10. Rd1 Bb7 11. Ne5 Nc6 12. d5 Nxe5 13. Qxe5 Bd6 14. Qd4 Bc5
15. Qf4 exd5 16. Qf5 Qc8 17. Qxc8 Raxc8 18. Bxd5 Nxd5 19. Nxd5 Rfd8 20. Nc3 f6
21. Bf4 g5 22. Be3 Be7 23. Rxd8+ Rxd8 24. Rd1 Rxd1+ 25. Nxd1 Kf7 26. Nc3 Bc6
27. g3 Ke6 28. Kf1 Kf5 29. Ke2 Kg4 30. Kd3 Kh3 31. Kc4 Kxh2 32. Nd5 Bxd5+ 33.
Kxd5 Bc5 0-1

[Event "XXII Campeonato de España de l"]
[Site "Benidorm (Alicante-España)"]
[Date "2010.11.18"]
[Round "5"]
[White "Fernandez Manrique, Agustin"]
[Black "Draghici Flutur, Gavril"]
[Result "0-1"]
[WhiteElo "2108"]
[BlackElo "2152"]
[PlyCount "110"]
[EventDate "2010.11.14"]
[EventRounds "8"]
[EventCountry "ESP"]

1. c4 e5 2. Nc3 Nf6 3. Nf3 Nc6 4. e4 Bb4 5. d3 d6 6. h3 O-O 7. Be2 h6 8. O-O
Bc5 9. a3 a5 10. b3 Nd4 11. Nxd4 Bxd4 12. Bb2 c6 13. Na4 Bxb2 14. Nxb2 d5 15.
Qc2 Be6 16. Rfc1 Rc8 17. Bf3 Nh7 18. Qe2 Ng5 19. cxd5 Nxf3+ 20. Qxf3 cxd5 21.
b4 axb4 22. axb4 Qd6 23. exd5 Bxd5 24. Qe3 f6 25. Rc5 b6 26. Rb5 Bxg2 27. Nc4
Qd7 28. Rxb6 Bxh3 29. Kh2 Bf5 30. Rd6 Qe7 31. Ra7 Rc7 32. Rxc7 Qxc7 33. b5 Qb7
34. b6 Ra8 35. Qg3 Ra1 36. Qg2 e4 37. Rd8+ Kh7 38. Nd6 Qd5 39. b7 Bg6 40. Rh8+
Kxh8 41. b8=Q+ Kh7 42. Nxe4 Qh5+ 43. Kg3 f5 44. Nf6+ gxf6 45. Qf4 Bf7 46. Qh4
f4+ 47. Qxf4 Bd5 48. Qc7+ Kg6 49. f3 Qg5+ 50. Kh2 Ra2 51. Qxa2 Bxa2 52. Qd7 Bd5
53. Qe8+ Bf7 54. Qd7 Qf5 55. Qd8 Qxf3 0-1

[Event "XXII Campeonato de España de l"]
[Site "Benidorm (Alicante-España)"]
[Date "2010.11.18"]
[Round "5"]
[White "Palacios Perez, Manuel"]
[Black "Olivera Gutierrez, Albert"]
[Result "1/2-1/2"]
[WhiteElo "2178"]
[BlackElo "2073"]
[PlyCount "31"]
[EventDate "2010.11.14"]
[EventRounds "8"]
[EventCountry "ESP"]

1. d4 d5 2. c4 dxc4 3. Nf3 c5 4. e3 cxd4 5. exd4 Be6 6. Nc3 Nf6 7. Be2 g6 8.
O-O Bg7 9. Ng5 Bd5 10. Nxd5 Qxd5 11. b3 cxb3 12. Bf3 Qb5 13. Rb1 Nc6 14. Rxb3
Qc4 15. Rxb7 Nxd4 16. Be3 1/2-1/2

[Event "XXII Campeonato de España de l"]
[Site "Benidorm (Alicante-España)"]
[Date "2010.11.18"]
[Round "5"]
[White "Garcia Magadan, Ramon"]
[Black "Escalante Ortega, Fernando"]
[Result "1-0"]
[WhiteElo "2069"]
[BlackElo "1875"]
[PlyCount "49"]
[EventDate "2010.11.14"]
[EventRounds "8"]
[EventCountry "ESP"]

1. e4 e6 2. d4 d5 3. Nc3 Nf6 4. Bg5 h6 5. Bxf6 gxf6 6. exd5 exd5 7. Qh5 Be6 8.
Bb5+ c6 9. Bd3 Rg8 10. O-O-O Rg5 11. Qf3 Be7 12. Re1 Kd7 13. Nh3 Rg7 14. Nf4
Qg8 15. g3 Na6 16. Bxa6 bxa6 17. Nfxd5 cxd5 18. Nxd5 Bxd5 19. Rxe7+ Kxe7 20.
Re1+ Be6 21. Qb7+ Kd6 22. c4 Bxc4 23. Qe7+ Kc6 24. Qc5+ Kb7 25. Re7+ 1-0

[Event "XXII Campeonato de España de l"]
[Site "Benidorm (Alicante-España)"]
[Date "2010.11.18"]
[Round "5"]
[White "Zanoletty Garcia, David"]
[Black "Diaz Illescas, Juan Carlos"]
[Result "1-0"]
[WhiteElo "1998"]
[BlackElo "1906"]
[PlyCount "65"]
[EventDate "2010.11.14"]
[EventRounds "8"]
[EventCountry "ESP"]

1. Nf3 Nf6 2. c4 c5 3. Nc3 d6 4. g3 Nc6 5. Bg2 g6 6. O-O Bg7 7. d3 O-O 8. a3
Rb8 9. Rb1 a6 10. Ne1 Bd7 11. Nc2 b5 12. cxb5 axb5 13. b4 cxb4 14. axb4 Qb6 15.
Be3 Qc7 16. Qd2 Rfc8 17. Rfc1 Ng4 18. Nd5 Qd8 19. Bf4 e5 20. Bg5 f6 21. Be3
Nxe3 22. Ncxe3 Nd4 23. Nc2 Nf5 24. Na1 Nd4 25. e3 Bh6 26. f4 Ne6 27. Nb3 Nc7
28. Na5 Ne6 29. Rxc8 Rxc8 30. Nb7 Qf8 31. Nb6 Rc7 32. Qa2 Qe7 33. Nd5 1-0

[Event "XXII Campeonato de España de l"]
[Site "Benidorm (Alicante-España)"]
[Date "2010.11.18"]
[Round "5"]
[White "Monmeneu Chulia, Vicente Juan"]
[Black "Rodriguez Aguilera, Aurelio"]
[Result "1/2-1/2"]
[WhiteElo "1962"]
[BlackElo "1982"]
[PlyCount "81"]
[EventDate "2010.11.14"]
[EventRounds "8"]
[EventCountry "ESP"]

1. d4 d5 2. c4 e6 3. Nf3 Nf6 4. e3 c6 5. Nbd2 Bd6 6. Bd3 Nbd7 7. O-O O-O 8. e4
e5 9. cxd5 cxd5 10. exd5 exd4 11. Nxd4 Ne5 12. Be4 Bc5 13. N4b3 Bb6 14. Qc2 Bg4
15. Qc3 Qd6 16. Re1 Bc7 17. Nf1 Nxe4 18. Rxe4 Bf5 19. Rd4 Rac8 20. Qg3 Bb6 21.
Rd1 Qf6 22. Bg5 Qg6 23. Qxe5 Qxg5 24. Ng3 g6 25. Nxf5 Qxf5 26. Qxf5 gxf5 27.
Rac1 Rxc1 28. Nxc1 Rc8 29. Nd3 Rc2 30. a3 Kf8 31. g3 Ke7 32. Kg2 Bd4 33. Kf3
Bxb2 34. Nxb2 Rxb2 35. d6+ Kd7 36. Rd3 Rb6 37. Kf4 Rxd6 38. Rb3 Ke6 39. Rxb7
Ra6 40. Rb3 Kf6 41. h4 1/2-1/2

[Event "XXII Campeonato de España de l"]
[Site "Benidorm (Alicante-España)"]
[Date "2010.11.18"]
[Round "5"]
[White "Saez Gabikagogeaskoa, Oscar"]
[Black "Aguilar Sevilla, Diego"]
[Result "0-1"]
[WhiteElo "1939"]
[BlackElo "2123"]
[PlyCount "144"]
[EventDate "2010.11.14"]
[EventRounds "8"]
[EventCountry "ESP"]

1. e4 d6 2. d4 Nf6 3. Nc3 e5 4. Nf3 Nbd7 5. Bc4 Be7 6. O-O O-O 7. Re1 c6 8. a4
b6 9. b3 a6 10. Bb2 Bb7 11. d5 c5 12. Nh4 g6 13. g3 Ne8 14. Ng2 f5 15. f4 Kh8
16. exf5 gxf5 17. fxe5 dxe5 18. Qd3 Nd6 19. Ne3 Qe8 20. Ne2 Kg8 21. Rf1 Qg6 22.
Nxf5 Rxf5 23. Rxf5 Qxf5 24. Qxf5 Nxf5 25. d6+ Kf8 26. dxe7+ Kxe7 27. Nc3 Nf6
28. Re1 Nd4 29. Rxe5+ Kd6 30. Re3 Ng4 31. Rd3 Ne5 32. Re3 Nef3+ 33. Kg2 Ne1+
34. Kh3 Nexc2 35. Ne4+ Ke5 36. Re2 Bxe4 37. Bd3 Nb4 38. Bxe4 Rf8 39. Kg2 Kd6
40. Rd2 Ke5 41. Bxh7 Nd5 42. Bd3 Ne3+ 43. Kg1 b5 44. axb5 axb5 45. Bxb5 Rb8 46.
Bc4 Ke4 47. Bxd4 cxd4 48. h3 Nxc4 49. bxc4 Ke3 50. Rf2 d3 51. Rf6 Rb1+ 52. Kg2
Rb2+ 53. Kf1 Rh2 54. c5 d2 55. Re6+ Kf3 56. Rf6+ Kxg3 57. Rg6+ Kf3 58. Rf6+ Ke3
59. Re6+ Kd4 60. Rd6+ Kxc5 61. Rd8 Kc4 62. Rc8+ Kd3 63. Rd8+ Kc2 64. Rc8+ Kd1
65. Rc3 Re2 66. h4 Re4 67. h5 Rf4+ 68. Kg2 Ke2 69. Rc2 Kd3 70. Rxd2+ Kxd2 71.
Kg3 Ke3 72. h6 Rf6 0-1

[Event "XXII Campeonato de España de l"]
[Site "Benidorm (Alicante-España)"]
[Date "2010.11.18"]
[Round "5"]
[White "Rubio Mancebon, Pedro Jose"]
[Black "Rousse Mayol, Ricard"]
[Result "0-1"]
[WhiteElo "1875"]
[BlackElo "1907"]
[PlyCount "35"]
[EventDate "2010.11.14"]
[EventRounds "8"]
[EventCountry "ESP"]

1. d4 Nf6 2. Nf3 g6 3. c4 d6 4. Nc3 Bg7 5. e4 O-O 6. h3 Nbd7 7. Be3 c5 8. d5 a6
9. a4 Qc7 10. Be2 Ne8 11. O-O e6 12. Qd2 Ne5 13. Nxe5 Bxe5 14. f4 Bg7 15. e5
dxe5 16. Ne4 Nd6 17. Nxc5 exd5 18. fxe5 {irreproducible} 0-1

[Event "XXII Campeonato de España de l"]
[Site "Benidorm (Alicante-España)"]
[Date "2010.11.18"]
[Round "5"]
[White "Pimienta Sanchez, Manuel"]
[Black "Septien Lopez, Valeriano"]
[Result "1/2-1/2"]
[WhiteElo "1856"]
[BlackElo "1876"]
[PlyCount "53"]
[EventDate "2010.11.14"]
[EventRounds "8"]
[EventCountry "ESP"]

1. d4 d5 2. c4 dxc4 3. Nc3 Nf6 4. e4 e5 5. d5 c6 6. a4 Bb4 7. Bg5 Qd6 8. Bxf6
Qxf6 9. Bxc4 O-O 10. Nge2 Qg5 11. Ng3 Nd7 12. dxc6 bxc6 13. O-O Nb6 14. Be2 a5
15. Na2 Bd2 16. Qc2 Bf4 17. Qxc6 Qh6 18. Qxh6 Bxh6 19. Nc3 Be6 20. Nf5 Bg5 21.
Nd6 Rab8 22. Ncb5 Be7 23. Nf5 Bb4 24. Ne3 Bb3 25. Bd1 Bxd1 26. Rfxd1 Nxa4 27.
Rxa4 1/2-1/2

[Event "XXII Campeonato de España de l"]
[Site "Benidorm (Alicante-España)"]
[Date "2010.11.18"]
[Round "5"]
[White "Redondo Maguregui, Juan Manuel"]
[Black "Lago Carballo, Carmen"]
[Result "1-0"]
[WhiteElo "1694"]
[BlackElo "1416"]
[PlyCount "35"]
[EventDate "2010.11.14"]
[EventRounds "8"]
[EventCountry "ESP"]

1. c4 c6 2. Nc3 Nf6 3. Nf3 d5 4. e3 Bf5 5. Qb3 b6 6. cxd5 Nxd5 7. Nxd5 Be6 8.
e4 Bxd5 9. exd5 Qxd5 10. Qxd5 cxd5 11. Bb5+ Nd7 12. Ne5 Rd8 13. Nxd7 Rxd7 14.
d4 g6 15. O-O Bg7 16. Be3 h5 17. Rac1 Kd8 18. Bxd7 1-0

[Event "XXII Campeonato de España de l"]
[Site "Benidorm (Alicante-España)"]
[Date "2010.11.18"]
[Round "5"]
[White "Clemente Llamero, Roberto"]
[Black "Parreño Cueto, Andres"]
[Result "1-0"]
[WhiteElo "2141"]
[BlackElo "1816"]
[PlyCount "23"]
[EventDate "2010.11.14"]
[EventRounds "8"]
[EventCountry "ESP"]

1. e4 g6 2. d4 Bg7 3. c3 c5 4. dxc5 Nc6 5. Be3 Nf6 6. f3 O-O 7. Na3 Re8 8. Qd2
e6 9. Nc4 Bf8 10. O-O-O Qc7 11. Nd6 Bxd6 12. Qxd6 1-0

[Event "XXII Campeonato de España de l"]
[Site "Benidorm (Alicante-España)"]
[Date "2010.11.18"]
[Round "5"]
[White "Mejias Gonzalez, Javier"]
[Black "Martinez Colomar, Alejandro"]
[Result "0-1"]
[WhiteElo "1941"]
[BlackElo "1790"]
[PlyCount "46"]
[EventDate "2010.11.14"]
[EventRounds "8"]
[EventCountry "ESP"]

1. e4 g6 2. d4 Bg7 3. Nc3 c5 4. Nf3 cxd4 5. Nxd4 Nc6 6. Be3 d6 7. Qd3 Nf6 8. f3
a6 9. a4 Bd7 10. Be2 Rc8 11. O-O O-O 12. Nxc6 Bxc6 13. Rfd1 Qc7 14. a5 Nd7 15.
Bd4 Bxd4+ 16. Qxd4 Nc5 17. Nd5 Bxd5 18. Qxd5 Na4 19. Rxa4 Qxc2 20. Rad4 Qxe2
21. Qxb7 Rc2 22. R4d2 Rxd2 23. Rxd2 Qe1# 0-1

[Event "XXII Campeonato de España de l"]
[Site "Benidorm (Alicante-España)"]
[Date "2010.11.18"]
[Round "5"]
[White "Garcia Cervigon, Juan Pablo"]
[Black "Gimeno Diaz, Fernando"]
[Result "0-1"]
[WhiteElo "1795"]
[BlackElo "1900"]
[PlyCount "100"]
[EventDate "2010.11.14"]
[EventRounds "8"]
[EventCountry "ESP"]

1. e4 c5 2. Nc3 Nc6 3. f4 g6 4. Bb5 Bg7 5. Nf3 e6 6. Bxc6 bxc6 7. d3 d5 8. O-O
Ne7 9. Qe1 Rb8 10. Kh1 Ba6 11. Rb1 O-O 12. b3 Rb7 13. Bd2 Nc8 14. e5 Qe7 15.
Qg3 Nb6 16. Rbe1 Rbb8 17. Qh3 Bb7 18. f5 exf5 19. Bh6 d4 20. Nd1 Rfe8 21. Kg1
Nd5 22. Ng5 Qf8 23. Bxg7 Qxg7 24. e6 f6 25. Nf7 Bc8 26. Nd6 Rxe6 27. Rxe6 Bxe6
28. Ne4 Qe7 29. Nd2 Re8 30. Nc4 Nb4 31. Na5 Qc7 32. Nc4 Bxc4 33. bxc4 Nxc2 34.
Qh4 Kg7 35. g4 g5 36. Qf2 Nb4 37. Qxf5 Qe5 38. Qf3 Re6 39. Nf2 Qe3 40. Qf5 Qe5
41. a3 Nc2 42. Qf3 Ne3 43. Rb1 Qc7 44. Ne4 Qe7 45. Rb8 Nxc4 46. Qf5 Ne3 47.
Qxc5 Rxe4 48. Qxc6 Rxg4+ 49. Kf2 Rg2+ 50. Kf3 g4+ 0-1

[Event "XXII Campeonato de España de l"]
[Site "Benidorm (Alicante-España)"]
[Date "2010.11.18"]
[Round "5"]
[White "Sanchez Ruiz, Justo"]
[Black "Sanchez Ruiz, Piedad Esmeralda"]
[Result "1/2-1/2"]
[WhiteElo "1772"]
[BlackElo "1861"]
[PlyCount "20"]
[EventDate "2010.11.14"]
[EventRounds "8"]
[EventCountry "ESP"]

1. e4 c5 2. Nf3 e6 3. d4 cxd4 4. Nxd4 a6 5. Nc3 Qc7 6. Bd3 b5 7. O-O Bb7 8. Re1
d6 9. a4 bxa4 10. Rxa4 Nf6 1/2-1/2

[Event "XXII Campeonato de España de l"]
[Site "Benidorm (Alicante-España)"]
[Date "2010.11.18"]
[Round "5"]
[White "Garcia Cervigon, Cecilio"]
[Black "Fernandez Cabello, Emilio"]
[Result "1-0"]
[WhiteElo "1820"]
[BlackElo "1758"]
[PlyCount "105"]
[EventDate "2010.11.14"]
[EventRounds "8"]
[EventCountry "ESP"]

1. f4 Nf6 2. Nf3 g6 3. d3 d5 4. c3 Bf5 5. Nbd2 Nbd7 6. Qc2 Bg7 7. e4 dxe4 8.
dxe4 Nxe4 9. Nxe4 Nc5 10. Nfd2 Qd5 11. Bb5+ c6 12. c4 Qd4 13. Qc3 Nxe4 14. Qxd4
Bxd4 15. Ba4 Nf2 16. Nf3 Nd3+ 17. Kd2 Bg7 18. Bc2 O-O 19. Bxd3 Rad8 20. Ne1 Rd4
21. Ke2 Bxd3+ 22. Nxd3 Rxc4 23. Bd2 Rd8 24. Nf2 Bxb2 25. Rab1 Rc2 26. Rhd1 Bc3
27. Nd3 b6 28. Rbc1 Rxc1 29. Rxc1 Bxd2 30. Kxd2 c5 31. Kc3 Rd4 32. g3 Kf8 33.
Ne5 b5 34. Nc6 Rc4+ 35. Kb2 Rxc1 36. Kxc1 a6 37. Kc2 Ke8 38. Nb8 a5 39. Na6 Kd7
40. Nxc5+ Kc6 41. Ne4 Kd5 42. Kd3 f5 43. Ng5 Kc5 44. Kc3 b4+ 45. Kb3 h6 46. Nf7
Kb5 47. Nxh6 a4+ 48. Kb2 Kc4 49. Nf7 Kd3 50. Ne5+ Ke2 51. Nxg6 Kf3 52. Nxe7 Kg4
53. h4 1-0

[Event "XXII Campeonato de España de l"]
[Site "Benidorm (Alicante-España)"]
[Date "2010.11.18"]
[Round "5"]
[White "Espadina Solano, Jaime E"]
[Black "Gamiz Campana, Francisco Javier"]
[Result "1/2-1/2"]
[WhiteElo "1895"]
[BlackElo "1742"]
[PlyCount "126"]
[EventDate "2010.11.14"]
[EventRounds "8"]
[EventCountry "ESP"]

1. e4 e6 2. d3 d5 3. Nd2 c5 4. Ngf3 Nf6 5. g3 Nc6 6. Bg2 dxe4 7. dxe4 e5 8. c3
Be7 9. Qe2 O-O 10. O-O Bg4 11. h3 Bxf3 12. Bxf3 Qc7 13. Nc4 b5 14. Ne3 c4 15.
Nd5 Qb7 16. Be3 Nd8 17. Rfd1 Nxd5 18. exd5 Bd6 19. g4 Qe7 20. Be4 f6 21. Qc2 g6
22. Bh6 Rf7 23. Re1 Nb7 24. Be3 a6 25. a4 Rff8 26. Bh6 Rfd8 27. Be3 Qf7 28. Kg2
Bc5 29. axb5 axb5 30. Rxa8 Rxa8 31. Rd1 Bxe3 32. d6 Qd7 33. fxe3 Rd8 34. Qf2
Kg7 35. Bxb7 Qxb7+ 36. Qf3 Qxf3+ 37. Kxf3 Kf7 38. Rd5 Ke6 39. Rxb5 Rxd6 40. Rb7
Rd7 41. Rb4 Kd5 42. Rb5+ Kc6 43. Rb4 Kc5 44. Ke4 h6 45. Rb8 Kd6 46. Rh8 Ke6 47.
Rxh6 g5 48. h4 gxh4 49. g5 Rf7 50. gxf6 Rxf6 51. Rxh4 Rg6 52. Rh2 Rg4+ 53. Kf3
Rg6 54. Rd2 Rh6 55. e4 Rh3+ 56. Kf2 Rh2+ 57. Ke3 Rh3+ 58. Ke2 Rh2+ 59. Kd1 Rh1+
60. Kc2 Re1 61. b3 cxb3+ 62. Kxb3 Rxe4 63. c4 Rd4 1/2-1/2

[Event "XXII Campeonato de España de l"]
[Site "Benidorm (Alicante-España)"]
[Date "2010.11.18"]
[Round "5"]
[White "Gutierrez Garcia, Julio"]
[Black "Ariste Justo, Jesus Angel"]
[Result "0-1"]
[WhiteElo "1654"]
[BlackElo "1875"]
[PlyCount "44"]
[EventDate "2010.11.14"]
[EventRounds "8"]
[EventCountry "ESP"]

1. d4 d5 2. c4 c6 3. Nc3 Nf6 4. Nf3 e6 5. e3 Nbd7 6. Qc2 Be7 7. Bd3 dxc4 8.
Bxc4 b5 9. Bd3 a6 10. O-O c5 11. Ne4 cxd4 12. Nxd4 Bb7 13. Nxf6+ Bxf6 14. f3
Rc8 15. Qe2 Nc5 16. Rd1 O-O 17. Bb1 Qe7 18. b3 g6 19. e4 e5 20. Nc2 Rfd8 21.
Rxd8+ Qxd8 22. Ne1 Qd4+ 0-1

[Event "XXII Campeonato de España de l"]
[Site "Benidorm (Alicante-España)"]
[Date "2010.11.18"]
[Round "5"]
[White "Suarez Hernandez, Francisco"]
[Black "Fuster Agullo, Juan"]
[Result "0-1"]
[WhiteElo "1658"]
[BlackElo "1799"]
[PlyCount "82"]
[EventDate "2010.11.14"]
[EventRounds "8"]
[EventCountry "ESP"]

1. Nf3 d5 2. b3 Nf6 3. Bb2 Nbd7 4. e3 b6 5. c4 Bb7 6. Nc3 e6 7. cxd5 Bxd5 8.
Nxd5 exd5 9. Nd4 c5 10. Nf5 g6 11. Ng3 Bg7 12. d4 O-O 13. Bd3 Rc8 14. Rc1 Rc7
15. dxc5 Nxc5 16. O-O Qd7 17. Qe2 Rfc8 18. Bb5 Qe6 19. b4 Nce4 20. Rxc7 Rxc7
21. Nxe4 Nxe4 22. Bxg7 Kxg7 23. Qb2+ Qf6 24. Qxf6+ Kxf6 25. Bd3 Ke5 26. f4+ Ke6
27. Rd1 f5 28. h3 Rc3 29. Kf1 Ra3 30. Bxe4 fxe4 31. Rd2 Rxe3 32. Rc2 Kd7 33.
Rd2 Kd6 34. Kf2 Rc3 35. Ke2 Rc4 36. Rb2 d4 37. a4 h6 38. g4 Rc3 39. Rd2 Kd5 40.
f5 gxf5 41. gxf5 Rxh3 0-1

[Event "XXII Campeonato de España de l"]
[Site "Benidorm (Alicante-España)"]
[Date "2010.11.18"]
[Round "5"]
[White "Bravo De Los Santos, Francisco"]
[Black "Llaneras Henarejos, Miguel"]
[Result "0-1"]
[WhiteElo "1877"]
[BlackElo "1687"]
[PlyCount "90"]
[EventDate "2010.11.14"]
[EventRounds "8"]
[EventCountry "ESP"]

1. Nf3 d6 2. g3 g6 3. Bg2 Bg7 4. O-O Nf6 5. d3 O-O 6. Nbd2 c5 7. e4 Nbd7 8. Re1
Qc7 9. a4 b6 10. Nc4 Bb7 11. h3 a6 12. Be3 b5 13. Na3 Ne8 14. Rb1 Bc6 15. Nd2
Qa5 16. axb5 axb5 17. c3 Nef6 18. Qe2 Rfc8 19. f4 e5 20. Nc2 Nh5 21. Kh2 Qd8
22. f5 Ndf6 23. Rf1 Qe7 24. Ne1 Rf8 25. h4 h6 26. Bh3 Bd7 27. Ng2 d5 28. g4 d4
29. Bg1 Nf4 30. Nxf4 exf4 31. cxd4 cxd4 32. Nf3 gxf5 33. gxf5 Nh5 34. Bf2 Rae8
35. Rg1 Kh8 36. Nxd4 Ng3 37. Qg4 Rg8 38. Nf3 Be5 39. Nxe5 Rxg4 40. Nxg4 Qd6 41.
Bxg3 fxg3+ 42. Rxg3 Rg8 43. e5 Qd4 44. Rf3 Rxg4 45. Bxg4 Qxg4 0-1

[Event "XXII Campeonato de España de l"]
[Site "Benidorm (Alicante-España)"]
[Date "2010.11.18"]
[Round "5"]
[White "Amores Cano, Victor"]
[Black "Garcia Cruz, Francisco"]
[Result "1-0"]
[WhiteElo "1777"]
[BlackElo "1686"]
[PlyCount "51"]
[EventDate "2010.11.14"]
[EventRounds "8"]
[EventCountry "ESP"]

1. e4 c5 2. Nc3 a6 3. a4 Nc6 4. f4 e6 5. Bc4 Be7 6. Nf3 d6 7. O-O Nf6 8. d3 O-O
9. Qe1 Nd7 10. Qg3 Nb6 11. Ba2 f5 12. Ng5 Bxg5 13. Qxg5 Qxg5 14. fxg5 Nd4 15.
exf5 Nxf5 16. Ne2 Bd7 17. Bd2 Kh8 18. Rf2 Nxa4 19. b3 Nb6 20. Raf1 Kg8 21. b4
cxb4 22. Rxf5 Nd5 23. Rxf8+ Rxf8 24. Rxf8+ Kxf8 25. Bxd5 exd5 26. Bxb4 1-0